| 000 | 01239nam a2200325 i 4500 | ||
|---|---|---|---|
| 003 | EG-GICUC | ||
| 005 | 20260424102818.0 | ||
| 008 | 260424s1977 ua ||||fr|||| 000 0 ara d | ||
| 017 | _a1977/3654 | ||
| 040 |
_a EG-GICUC _bara _c EG-GICUC _d EG-GICUC _erda |
||
| 041 | 0 | _aara | |
| 082 | 0 | 4 |
_221 _a345.6231 _bم ح . أ |
| 092 | 0 | 4 | _221 |
| 099 | _aLaw1 07 345.6231 م ح . أ 1977 | ||
| 100 | 0 |
_aالدكتور محمد عبد الحميد ابوزيت _eمؤلف. |
|
| 245 | 1 | 0 |
_aأثر التفويض في الإصلاح الإداري : _bدراسة مقارنه / _cتأليف الدكتور محمد عبد الحميد ابوزيت. |
| 264 | 1 |
_aالقاهرة : _bدار النهضة العربية، _c1977. |
|
| 300 |
_a100 ؛ صفحة _c24 سم. |
||
| 336 |
_2rda content _atext |
||
| 337 |
_2rda media _aComputer |
||
| 338 |
_2rda carrier _aOnline Resource |
||
| 504 | _aيشتمل على إرجاعات ببليوجرافية | ||
| 504 | _aيشتمل على ببليوجرافيا | ||
| 546 | _aالنص باللغة العربية | ||
| 650 | 1 | 4 |
_aالقانون الاداري _2qrmak |
| 651 | 1 | _2qrmak | |
| 856 | 4 | 0 | _uhttps://fll.law.cu.edu.eg/fulltext/bks/B07-02163.pdf |
| 905 | _a47 | ||
| 942 |
_2ddc _cBK _e21 _n0 |
||
| 999 |
_c73271 _d73271 |
||